30和歌山県の市町村(選択形式) - Statistics

General Stats
  • This quiz has been taken 15 times
  • The average score is 21 of 30
Answers on the Map
Answers color-coded by a green-red scale on the quiz's map according to % correct below.
 
Answer Stats
Answer % Correct
01:和歌山市
100%
02:海南市
100%
07:新宮市
92%
27:太地町
92%
30:串本町
92%
26:那智勝浦町
83%
29:北山村
83%
03:橋本市
75%
05:御坊市
75%
06:田辺市
75%
09:岩出市
75%
11:かつらぎ町
75%
13:高野町
75%
24:上富田町
75%
28:古座川町
75%
10:紀美野町
67%
12:九度山町
67%
17:美浜町
67%
23:白浜町
67%
08:紀の川市
58%
14:湯浅町
58%
15:広川町
58%
16:有田川町
58%
18:日高町
58%
20:印南町
58%
21:みなべ町
58%
25:すさみ町
58%
04:有田市
50%
19:由良町
50%
22:日高川町
50%
No matching quizzes found
Score Distribution
Percent of People with Each Score
Percentile by Number Answered
Your Score History
You have not taken this quiz